[Event "Split op 12th"]
[Site "Split"]
[Date "2023.08.07"]
[Round "4"]
[White "Kopylov, Daniel"]
[Black "Baric, Marko"]
[Result "1/2-1/2"]
[WhiteElo "2342"]
[BlackElo "1984"]
[PlyCount "53"]
[EventDate "2023.08.05"]
[EventType "swiss"]
[EventRounds "9"]
[EventCountry "CRO"]
[SourceTitle "CBM 215 Extra"]
[Source "ChessBase"]
[SourceDate "2023.09.30"]
[SourceVersion "1"]
[SourceVersionDate "2023.09.30"]
[SourceQuality "1"]

1. e4 c5 2. Nf3 Nc6 3. d4 cxd4 4. Nxd4 g6 5. c4 Nf6 6. Nc3 d6 7. Be2 Nxd4 8. Qxd4 Bg7 9. Be3 0-0 10. Qd2 Be6 11. Rc1 a5 12. f3 a4 13. Kf2 Nd7 14. Rhd1 Re8 15. Nd5 Nc5 16. Nf4 Qa5 17. Rb1 Rec8 18. Qxa5 Rxa5 19. Rd2 h6 20. h4 Kh7 21. g4 Nd7 22. Nxe6 fxe6 23. f4 Nc5 24. Bf3 b5 25. b4 axb3 26. axb3 b4 27. Bxc5 1/2-1/2

[Event "Split op 12th"]
[Site "Split"]
[Date "2023.08.06"]
[Round "2"]
[White "Vojak, Daniel"]
[Black "Baric, Marko"]
[Result "1/2-1/2"]
[WhiteElo "2291"]
[BlackElo "1984"]
[PlyCount "51"]
[EventDate "2023.08.05"]
[EventType "swiss"]
[EventRounds "9"]
[EventCountry "CRO"]
[SourceTitle "CBM 215 Extra"]
[Source "ChessBase"]
[SourceDate "2023.09.30"]
[SourceVersion "1"]
[SourceVersionDate "2023.09.30"]
[SourceQuality "1"]

1. e4 c5 2. Nf3 Nc6 3. b3 d6 4. Bb2 Nf6 5. Nc3 g6 6. Bb5 Bd7 7. 0-0 Bg7 8. Re1 0-0 9. Nd5 Ne8 10. Bxg7 Nxg7 11. Bf1 Bg4 12. h3 Bxf3 13. Qxf3 Nd4 14. Qd1 e6 15. Ne3 Qe7 16. c3 Nc6 17. a3 Rfd8 18. b4 a6 19. Rb1 Ne8 20. Qc2 Nf6 21. g3 b5 22. a4 cxb4 23. axb5 axb5 24. Bxb5 Ne5 25. Be2 bxc3 26. d4 1/2-1/2

[Event "CRO-ch U19"]
[Site "Split"]
[Date "2021.07.30"]
[Round "8"]
[White "Baric, Marko"]
[Black "Sos, Fran"]
[Result "0-1"]
[WhiteElo "1916"]
[BlackElo "1946"]
[PlyCount "118"]
[EventDate "2021.07.25"]
[EventType "swiss"]
[EventRounds "9"]
[EventCountry "CRO"]
[SourceTitle "EXT 2022"]
[Source "ChessBase"]
[SourceDate "2021.10.06"]
[SourceVersion "1"]
[SourceVersionDate "2021.10.06"]
[SourceQuality "1"]

1. e4 e5 2. Nf3 Nf6 3. Nxe5 d6 4. Nf3 Nxe4 5. Nc3 Nxc3 6. dxc3 Be7 7. Be3 Nc6 8. Qd2 0-0 9. h3 Ne5 10. Nd4 c5 11. Nb3 Be6 12. 0-0-0 a5 13. f4 Nc4 14. Bxc4 Bxc4 15. Kb1 a4 16. Nc1 Qa5 17. a3 b5 18. Qe1 Rfe8 19. Bd2 Qc7 20. Qe4 Bf6 21. Qf3 Rac8 22. Rde1 Be6 23. f5 Bd7 24. Rxe8+ Rxe8 25. Re1 Rxe1 26. Bxe1 Qc6 27. Qf2 Qe4 28. g4 h5 29. Qg3 hxg4 30. hxg4 Qe5 31. Nd3 Qxg3 32. Bxg3 Be7 33. Kc1 g6 34. fxg6 fxg6 35. Nf2 Bg5+ 36. Kd1 d5 37. Ke2 Bc1 38. Nd3 Bxg4+ 39. Kf2 Bg5 40. Nxc5 Bf5 41. Kf3 Bc1 42. b3 Bxc2 43. bxa4 bxa4 44. Nd7 Be4+ 45. Kg4 Bf5+ 46. Kh4 Bxd7 47. Bd6 Kf7 48. Bc5 Bf4 49. Bf2 Kf6 50. Bd4+ Kf5 51. c4 g5+ 52. Kh5 Be8+ 53. Kh6 g4+ 54. Kh7 Bg6+ 55. Kg8 dxc4 56. Bc3 Be3 57. Kh8 g3 58. Bg7 g2 59. Bf8 g1Q 0-1

[Event "CRO-ch U19"]
[Site "Split"]
[Date "2021.07.28"]
[Round "6"]
[White "Baric, Marko"]
[Black "Galoic, David"]
[Result "1/2-1/2"]
[WhiteElo "1916"]
[BlackElo "1780"]
[PlyCount "79"]
[EventDate "2021.07.25"]
[EventType "swiss"]
[EventRounds "9"]
[EventCountry "CRO"]
[SourceTitle "EXT 2022"]
[Source "ChessBase"]
[SourceDate "2021.10.06"]
[SourceVersion "1"]
[SourceVersionDate "2021.10.06"]
[SourceQuality "1"]

1. e4 c5 2. Nf3 d6 3. Bb5+ Bd7 4. Bxd7+ Qxd7 5. c4 e5 6. Nc3 Nc6 7. 0-0 g6 8. d3 Bg7 9. a3 h6 10. Rb1 Nge7 11. b4 b6 12. bxc5 bxc5 13. Qa4 Qc8 14. Nb5 Qd7 15. Bd2 0-0 16. Ba5 f5 17. Nc7 Rab8 18. Nd5 fxe4 19. Rxb8 Rxb8 20. Nd2 Rb7 21. Nxe7+ Nxe7 22. Qxd7 Rxd7 23. Nxe4 Rb7 24. Nxd6 Rb3 25. Rd1 Rxa3 26. Bc7 Nc6 27. Ne4 Bf8 28. Nf6+ Kf7 29. Nd7 a5 30. Nxf8 Kxf8 31. Bd6+ Ke8 32. Bxc5 Rb3 33. g3 Nb4 34. Bxb4 axb4 35. Re1 Rxd3 36. Rxe5+ Kd7 37. Rb5 b3 38. Kg2 Kc6 39. Kh3 Rc3 40. f4 1/2-1/2

[Event "CRO-chT U20 30th"]
[Site "Rabac"]
[Date "2021.04.07"]
[Round "3.3"]
[White "Baric, Marko"]
[Black "Novosel, Lovro"]
[Result "0-1"]
[WhiteElo "1936"]
[BlackElo "1997"]
[PlyCount "138"]
[EventDate "2021.04.06"]
[EventType "team-tourn"]
[EventRounds "11"]
[EventCountry "CRO"]
[SourceTitle "CBM 201 Extra"]
[Source "ChessBase"]
[SourceDate "2021.05.31"]
[SourceVersion "1"]
[SourceVersionDate "2021.05.31"]
[SourceQuality "1"]
[WhiteTeam "Split Mornar U20"]
[BlackTeam "Sveta Nedelja U20"]
[WhiteTeamCountry "CRO"]
[BlackTeamCountry "CRO"]

1. e4 c5 2. Nf3 d6 3. Bb5+ Nd7 4. 0-0 a6 5. Bd3 Ngf6 6. c3 b5 7. Qe2 Bb7 8. Bc2 Qc7 9. d3 e6 10. Bg5 Be7 11. Nbd2 0-0 12. Rfe1 Rfd8 13. Nf1 Ne5 14. Nxe5 dxe5 15. Bxf6 Bxf6 16. Ne3 g6 17. Ng4 Bg7 18. h4 h5 19. Nh2 Qe7 20. Nf3 Rac8 21. a4 Rc7 22. axb5 axb5 23. Ra5 Bc6 24. Bb3 Rcd7 25. Rd1 Qd6 26. Ng5 Bf6 27. Raa1 Bxg5 28. hxg5 Qc7 29. g4 hxg4 30. Bc2 Qb7 31. Qxg4 c4 32. dxc4 bxc4 33. Rxd7 Rxd7 34. Qe2 Qxb2 35. Ra6 Qc1+ 36. Kh2 Qf4+ 37. Kg1 Qxg5+ 38. Kf1 Bb5 39. Rb6 Rd2 40. Qe3 Qxe3 41. fxe3 Rxc2 42. Rxb5 Rxc3 43. Ke2 f6 44. Rc5 g5 45. Kd2 Ra3 46. Rxc4 Ra2+ 47. Ke1 Kf7 48. Rc7+ Kg6 49. Re7 Ra4 50. Rxe6 Rxe4 51. Kf2 Ra4 52. Rb6 Kf5 53. Kf3 Ra3 54. Rc6 g4+ 55. Kf2 g3+ 56. Kf3 e4+ 57. Kxg3 Rxe3+ 58. Kf2 Ra3 59. Ke2 Ke5 60. Rc5+ Kf4 61. Rc2 f5 62. Kf2 Rf3+ 63. Kg2 Rg3+ 64. Kh2 Rg8 65. Rc4 Kf3 66. Rc5 f4 67. Rc3+ e3 68. Rc1 e2 69. Rf1+ exf1R 0-1

[Event "CRO-chT U20 26th"]
[Site "Sv Filip i Jakov"]
[Date "2018.04.06"]
[Round "7.11"]
[White "Ljubicic, Mario"]
[Black "Baric, Marko"]
[Result "1-0"]
[WhiteElo "1738"]
[BlackElo "1638"]
[PlyCount "135"]
[EventDate "2018.04.03"]
[EventType "team-swiss"]
[EventRounds "11"]
[EventCountry "CRO"]
[SourceTitle "CBM 184 Extra"]
[Source "ChessBase"]
[SourceDate "2018.06.28"]
[SourceVersion "1"]
[SourceVersionDate "2018.06.28"]
[SourceQuality "1"]

1. e4 e5 2. Nf3 Nc6 3. Bc4 Bc5 4. b4 Bxb4 5. c3 Ba5 6. d4 exd4 7. 0-0 d6 8. Qb3 Qe7 9. e5 dxe5 10. Ba3 Qf6 11. Re1 Nge7 12. Bxe7 Qxe7 13. Nxe5 0-0 14. Nf3 Qf6 15. Nbd2 Bf5 16. Ne4 Bxe4 17. Rxe4 Bxc3 18. Rd1 Rab8 19. h3 a6 20. Qc2 Rfe8 21. Rg4 Ne5 22. Nxe5 Rxe5 23. g3 Rbe8 24. Rf4 Re1+ 25. Rxe1 Rxe1+ 26. Kh2 Qc6 27. Bxf7+ Kh8 28. Bd5 Qe8 29. Bf7 Qc6 30. Bd5 Qd6 31. Qf5 Re8 32. Rh4 h6 33. Be4 Kg8 34. Bd5+ Kh8 35. Be4 Kg8 36. Rf4 Rxe4 37. Rxe4 Qf8 38. Qd5+ Kh7 39. Rf4 Qd6 40. Qxd6 cxd6 41. Rf3 b5 42. Kg2 b4 43. Rf5 d3 44. Kf1 d2 45. Ke2 Kg8 46. Kd1 Kh7 47. Kc2 Kg6 48. Rd5 Kh7 49. Rxd6 a5 50. Ra6 Kh8 51. Kd1 Kh7 52. Rxa5 b3 53. Ra6 bxa2 54. Rxa2 Kg6 55. Ra4 h5 56. Rf4 Kh7 57. Rc4 Ba5 58. Rc5 Bb4 59. Rxh5+ Kg6 60. Rb5 Bc3 61. Rb6+ Kh7 62. Rd6 Bb4 63. Rxd2 Bxd2 64. Kxd2 Kg6 65. Ke3 Kf5 66. Kd4 g6 67. f3 g5 68. Kd5 1-0

[Event "Hvar op U15"]
[Site "Hvar"]
[Date "2017.09.30"]
[Round "3"]
[White "Baric, Marko"]
[Black "Delic, Mateo"]
[Result "1-0"]
[WhiteElo "1586"]
[BlackElo "1282"]
[PlyCount "26"]
[EventDate "2017.09.29"]
[EventType "swiss"]
[EventRounds "5"]
[EventCountry "CRO"]
[SourceTitle "EXT 2019"]
[Source "ChessBase"]
[SourceDate "2018.10.10"]
[SourceVersion "1"]
[SourceVersionDate "2018.10.10"]
[SourceQuality "1"]

1. e4 e6 2. Nf3 Nc6 3. Bb5 d5 4. Ne5 Qf6 5. d4 a6 6. exd5 axb5 7. dxc6 bxc6 8. 0-0 Bd6 9. Re1 Bb7 10. Ng4 Ne7 11. Nxf6+ gxf6 12. Qg4 h5 13. Qg7 Rg8 1-0

[Event "Hvar op U15"]
[Site "Hvar"]
[Date "2017.09.29"]
[Round "1"]
[White "Baric, Marko"]
[Black "Arnold, Dora"]
[Result "1-0"]
[WhiteElo "1586"]
[BlackElo "1358"]
[PlyCount "119"]
[EventDate "2017.09.29"]
[EventType "swiss"]
[EventRounds "5"]
[EventCountry "CRO"]
[SourceTitle "EXT 2019"]
[Source "ChessBase"]
[SourceDate "2018.10.10"]
[SourceVersion "1"]
[SourceVersionDate "2018.10.10"]
[SourceQuality "1"]

1. e4 e5 2. Nf3 Nc6 3. Bb5 a6 4. Ba4 Bc5 5. 0-0 Nf6 6. d3 d6 7. h3 h6 8. Be3 Ba7 9. Bxa7 Rxa7 10. d4 b5 11. Bb3 Bb7 12. d5 Ne7 13. a4 b4 14. Re1 c6 15. c4 cxd5 16. cxd5 a5 17. Bc4 Ba6 18. Nbd2 0-0 19. b3 Qd7 20. Rc1 Rc8 21. Qe2 Rac7 22. Kh2 Ng6 23. g3 Qd8 24. Rc2 Nd7 25. Rec1 Nb6 26. Qd3 Bxc4 27. Nxc4 Nxc4 28. Rxc4 Nf8 29. Rc6 Nd7 30. Qe3 Nc5 31. Nxe5 dxe5 32. Qxc5 Rxc6 33. dxc6 Qc7 34. Kg2 Rd8 35. Qb5 Rb8 36. Qa6 Rd8 37. Qb7 Rc8 38. Rd1 Qxb7 39. cxb7 Rb8 40. Rd7 Kh7 41. Rxf7 Kg6 42. Rd7 Kf6 43. Rd6+ Ke7 44. Rg6 Kf7 45. Rb6 Ke7 46. g4 Kd7 47. Rb5 Kc6 48. Rxa5 Rxb7 49. Rxe5 Rd7 50. Rb5 Rd4 51. e5 Kd7 52. f3 Ke6 53. Kg3 g5 54. a5 Rd7 55. Rxb4 Kxe5 56. Rb6 Ra7 57. b4 Kd4 58. h4 Kc4 59. hxg5 hxg5 60. f4 1-0

[Event "CRO-chT U16"]
[Site "Nasice"]
[Date "2015.12.28"]
[Round "4.1"]
[White "Baric, Marko"]
[Black "Toplak, Juraj"]
[Result "0-1"]
[WhiteElo "1620"]
[BlackElo "1985"]
[PlyCount "105"]
[EventDate "2015.12.27"]
[EventType "team-tourn"]
[EventRounds "7"]
[EventCountry "CRO"]
[SourceTitle "EXT 2019"]
[Source "ChessBase"]
[SourceDate "2018.10.10"]
[SourceVersion "1"]
[SourceVersionDate "2018.10.10"]
[SourceQuality "1"]

1. d4 Nf6 2. Nf3 c5 3. c3 cxd4 4. cxd4 d5 5. Bf4 Nc6 6. e3 Bg4 7. Be2 e6 8. h3 Bh5 9. 0-0 Bd6 10. Bxd6 Qxd6 11. Qb3 Bxf3 12. Bxf3 0-0 13. Nc3 Na5 14. Qc2 Rfc8 15. Rfd1 Qc6 16. Rac1 Rc7 17. e4 dxe4 18. Bxe4 Nxe4 19. Qxe4 Qxe4 20. Nxe4 Rxc1 21. Rxc1 Nc6 22. Rd1 Rd8 23. Nc5 Nxd4 24. Kf1 Nc6 25. Rxd8+ Nxd8 26. Ke2 Kf8 27. f3 Ke7 28. g3 b6 29. Ne4 Nb7 30. b4 Nd6 31. Nc3 Nf5 32. Kf2 Nd4 33. b5 Kd6 34. Ne4+ Kd5 35. a4 f6 36. g4 Nb3 37. Ke3 Nc5 38. Nc3+ Kc4 39. Kd2 Nb3+ 40. Kc2 Nd4+ 41. Kb2 Nxf3 42. Ne4 Kd5 43. Nf2 Kd4 44. Kc2 e5 45. Nd3 Ke3 46. Nb4 e4 47. Kd1 Kf2 48. Nd5 e3 49. Nc3 Nd4 50. Ne4+ Kf3 51. Nc3 e2+ 52. Ke1 Nc2+ 53. Kd2 0-1

[Event "CRO-chT U16"]
[Site "Nasice"]
[Date "2015.12.27"]
[Round "2.1"]
[White "Bencic, Vedran"]
[Black "Baric, Marko"]
[Result "1-0"]
[WhiteElo "1514"]
[BlackElo "1620"]
[PlyCount "133"]
[EventDate "2015.12.27"]
[EventType "team-tourn"]
[EventRounds "7"]
[EventCountry "CRO"]
[SourceTitle "EXT 2019"]
[Source "ChessBase"]
[SourceDate "2018.10.10"]
[SourceVersion "1"]
[SourceVersionDate "2018.10.10"]
[SourceQuality "1"]

1. e4 e5 2. Nf3 Nc6 3. Bc4 Bc5 4. c3 Nf6 5. d3 d6 6. Nbd2 Bb6 7. Bb3 0-0 8. 0-0 Re8 9. h3 Be6 10. Bc2 Qd7 11. Re1 d5 12. Nf1 h6 13. Ng3 Qd6 14. Be3 d4 15. cxd4 Nxd4 16. a3 Rac8 17. Rc1 c5 18. Nxd4 cxd4 19. Bd2 Rc7 20. Bb4 Bc5 21. Bxc5 Rxc5 22. Qd2 Rec8 23. Bb1 Qc6 24. Ne2 Qb6 25. Rxc5 Rxc5 26. Rc1 Rc6 27. Rxc6 Qxc6 28. f4 Qc5 29. fxe5 Nd7 30. Qb4 b6 31. Qxd4 Qxe5 32. Qxe5 Nxe5 33. Kf2 Bd7 34. Ke3 f6 35. Ba2+ Kf8 36. d4 Nc6 37. b4 Ke7 38. Nf4 Be8 39. Bc4 Bf7 40. Bb5 Nd8 41. d5 Nb7 42. Kd4 Nd6 43. Bd3 g5 44. Ne2 Be8 45. Ng3 Bd7 46. e5 fxe5+ 47. Kxe5 Nf7+ 48. Kd4 Nd6 49. Ne4 Nxe4 50. Bxe4 Kd6 51. Bf3 Be8 52. g3 Bd7 53. h4 Bf5 54. Be4 Bg4 55. hxg5 hxg5 56. Bg6 Bf3 57. Bf7 Bg4 58. Ke4 Bd7 59. Bg8 Bc8 60. Be6 Bxe6 61. dxe6 b5 62. e7 Kxe7 63. Kf5 Kf7 64. Kxg5 Kg7 65. g4 a6 66. Kf5 Kf7 67. g5 1-0

[Event "Adriatic U20 op"]
[Site "Split"]
[Date "2015.08.29"]
[Round "6"]
[White "Baric, Marko"]
[Black "Sculac, Zvonimir"]
[Result "1/2-1/2"]
[WhiteElo "1573"]
[BlackElo "1574"]
[PlyCount "84"]
[EventDate "2015.08.25"]
[EventType "swiss"]
[EventRounds "9"]
[EventCountry "CRO"]
[SourceTitle "EXT 2016"]
[Source "ChessBase"]
[SourceDate "2015.10.08"]
[SourceVersion "1"]
[SourceVersionDate "2015.10.08"]
[SourceQuality "1"]

1. e4 c5 2. Nf3 g6 3. d4 cxd4 4. Nxd4 Bg7 5. Nc3 Nc6 6. Be3 d6 7. Qd2 a6 8. Be2 Nf6 9. f3 h5 10. 0-0 Ne5 11. Rad1 Qc7 12. Nb3 Be6 13. Rfe1 b5 14. Bd4 Nc4 15. Bxc4 bxc4 16. Bxf6 Bxf6 17. Nd4 Qb7 18. Rb1 Qb6 19. Red1 0-0 20. Kh1 Kh7 21. Nxe6 fxe6 22. b3 Rab8 23. Ne2 Rfc8 24. g3 Qc6 25. Nd4 Bxd4 26. Qxd4 cxb3 27. cxb3 Qc2 28. Qa7 Qc7 29. Qxa6 Ra8 30. Qe2 Qc2 31. Qxc2 Rxc2 32. a4 Rc3 33. Rdc1 Rxf3 34. Rc7 Kh6 35. Rxe7 Rb8 36. Rxe6 Rfxb3 37. Rxb3 Rxb3 38. Rxd6 Rb4 39. Re6 Rxa4 40. Re8 Kg7 41. h4 Kf7 42. Re5 Kf6 1/2-1/2

[Event "Adriatic U20 op"]
[Site "Split"]
[Date "2015.08.25"]
[Round "1"]
[White "Hladnic, Emanuel"]
[Black "Baric, Marko"]
[Result "1-0"]
[WhiteElo "2008"]
[BlackElo "1573"]
[PlyCount "73"]
[EventDate "2015.08.25"]
[EventType "swiss"]
[EventRounds "9"]
[EventCountry "CRO"]
[SourceTitle "EXT 2016"]
[Source "ChessBase"]
[SourceDate "2015.10.08"]
[SourceVersion "1"]
[SourceVersionDate "2015.10.08"]
[SourceQuality "1"]

1. e4 e5 2. f4 d6 3. Nf3 Nc6 4. Bc4 Nf6 5. Nc3 Be7 6. d3 Be6 7. Bb3 0-0 8. Bd2 Qd7 9. h3 Rad8 10. Qe2 Nd4 11. Nxd4 exd4 12. Nd5 Bxd5 13. exd5 Rfe8 14. 0-0-0 Qb5 15. Qf3 Qc5 16. g4 b5 17. g5 Nd7 18. h4 a5 19. a3 b4 20. a4 Rc8 21. h5 g6 22. hxg6 fxg6 23. Qh3 Nf8 24. Rde1 Rcd8 25. f5 Kf7 26. fxg6+ Kxg6 27. Re6+ Kf7 28. Qh5+ Kg8 29. g6 Bg5 30. gxh7+ Kh8 31. Bxg5 Rxe6 32. dxe6 Nxe6 33. Bxe6 Rf8 34. Bf7 Rxf7 35. Qxf7 Qxg5+ 36. Kb1 Qd8 37. Rg1 1-0